Statistics for Hack the Quiz #6

Click here to take the quiz!

General Stats

  • This quiz has been taken 195 times
  • The average score is 28 of 32

Answer Stats

CipherWord% Correct
02What
96%
84is
96%
011949?
95%
46famous
95%
18country
93%
20separated
93%
28called
93%
42in
93%
65What
93%
27"Schweiz"
92%
29is
92%
36country
92%
70from
91%
72in
91%
06opera
90%
17German?
90%
24What
90%
59Australia's
90%
73China
90%
16ruins?
89%
86city
89%
90World
89%
98Site
89%
41What
87%
88has
86%
96house?
86%
71Heritage
85%
14Incan
79%
Sydney
74%
Switzerland
68%
Taiwan
67%
Machu Picchu
45%

Score Distribution

Percentile by Number Answered

Percent of People with Each Score

Your Score History

You have not taken this quiz